000 00251nam a2200121Ia 4500
082 _a615
_bE15J
100 _aJAGGI, A.S
245 _aEXPERIMENTAL PHARMACOLOGY
260 _bCBS- DELHI
300 _a164
650 _aPHARMACOLOGY
942 _2ddc
_cBK
_02
999 _c7080
_d7080